Datum a čas kvízu
44.5
Celkem bodů
Celkový počet nahraných bodů na tomto kvízu bez doplňovacích otázek.
1.
Pořadí na kvízu
Konečné umístění týmu na tomto kvízu.
Zaznamenané odpovědi
| # | Otázka | Odpověď | Body | Výsledky |
|---|---|---|---|---|
| 1. | Ve svatovítské katedrále se v... | Petr Fiala | 1 | |
| 2. | V rakouském St. Pölten se na t... | o losa | 1 | |
| 3. | V noci z neděle na pondělí min... | Adolescent (Adolescence) | 1 | |
| 4. | Finská firma Bluefors uzavřela... | na Měsíci | 1 | |
| 5. | Českému hokejistovi Jakubu Lau... | Michigan | 0 | |
| 6. | Ve spolupráci s Radou Evropy j... | 1C 2A 3D 4B | 1 | |
| 7. | Co znamená maďarské slovo hétf... | pondělí | 0 | |
| 8. | Jak se na V jmenuje autonomní... | Vojvodina | 1 | |
| 9. | Která z těchto knih nebyla nap... | A | 1 | |
| 10. | Pozoruhodným jazykem je velšti... | slunéčko (beruška) | 0 |